Informačný systém pre správu dovoleniek zamestnancov

Salvato in:
Dettagli Bibliografici
Autore principale: Vanek, Lukáš, 1985- (Autore)
Altri autori: Habudová, Nikoleta (Relatore della tesi)
Natura: Manoscritto Libro
Lingua:slovacco
Pubblicazione: STU v Bratislave FIIT, 2009
Soggetti:
Tags: Aggiungi Tag
Nessun Tag, puoi essere il primo ad aggiungerne!!

MARC

LEADER 00000ntm a22000003a 4500
001 stu190687
005 20180425142624.9
008 090925s2009----xo------------------slo-d
040 |a STU  |b slo 
041 0 |a slo 
044 |a xo 
100 1 |a Vanek, Lukáš,  |d 1985-  |4 aut  |u I200  |U FIIT Fakulta informatiky a informačných technológií  |T FIIT Ústav informatiky a softvérového inžinierstva  |X 20969  |U I200  |Y 179  |7 A000020969 
245 1 |a Informačný systém pre správu dovoleniek zamestnancov 
260 |b STU v Bratislave FIIT,  |c 2009 
300 |a 61 s  |c príl. 
650 7 |a informačné systémy  |2 stusub 
700 1 |a Habudová, Nikoleta  |4 ths  |u I200  |U FIIT Fakulta informatiky a informačných technológií  |T FIIT Ústav informatiky a softvérového inžinierstva  |U I200  |Y 179 
996 |c I*DP106/09  |l II680  |s P  |a 0  |w stu190687_0001